LEADER 00889nam a2200205 i 4500 001 000000249342 003 CaOOAMICUS 005 20160512000000.0 008 160512s1839 it u000 u ita u 013 $a228247 040 $aSeMil$bita 245 10$aSupplimento. Tomo 4. 300 $a480 p. 500 $aLascito C.M. Martini. 773 0 $aRichard, Charles Louis <1711-1794>$tBiblioteca sacra, ovvero Dizionario universale delle scienze ecclesiastiche che comprende la storia della religione, della sua istituzione e de' suoi dogmi; la storia parimenti ....$dMilano : Pirotta e C. : [poi]... Ranieri Fanfani, 1830-1853.$gSupplimento4$w()4447 850 $aSeMil 852 $aSeMil$W1$xVenegono$y1$m3D III 159 FA$j199688$B199688$CSeMilBibl$Z2$F211139 $8I 941 1 $a4 961 $aLascito: Martini Card. Carlo Maria 996 $6245$aSupplimento. Tomo 4$9(OLS)http://semarc/title/351504 LEADER 00998nas a2200265 i 4500 001 000000240306 003 CaOOAMICUS 005 20160216000000.0 008 150326b2015 xxuuu u0 0eng r 013 $a219211 040 $aSeMil$bita 245 10$a[2015]. 260 $aChicago (Illinois) :$bAnglican Theological Review,$c2015. 300 $a752 p. :$b[1] p. di tav. ;$c23 cm. 500 $aArticoli con sintesi in inglese in testa. 773 0 $tAnglican Theological Review.$dNew York : Anglican Theological Review, 1918.$x0003-3286$w()1819 774 0 $tWinter.$w()285629 774 0 $tSpring.$w()287600 774 0 $tSummer.$w()287999 774 0 $tFall.$w()288400 850 $aSeMil 852 $aSeMil$W1$xVenegono$y1$m185 2 24$j190652$B190652$CSeMilBibl$Z2$F209457 $85 961 $aAbbonamento: Casalini 996 $6245$a[2015]$9(OLS)http://semarc/title/339065 996 $6260$aChicago (Illinois) :$bAnglican Theological Review$9(OLS)http://semarc/publisher/52656